| 000 | 01209nam a2200229Ia 4500 | ||
|---|---|---|---|
| 999 |
_c38118 _d38118 |
||
| 001 | 4106 | ||
| 003 | GE_BSU | ||
| 005 | 20190919151657.0 | ||
| 008 | 181216s||||||||xx |||||||||||||| ||und|| | ||
| 040 | _cGE_BSU | ||
| 041 | _ageo | ||
| 080 | _a392(=353.1)+684(479.22)(09)+749(479.22)(09) ბ-40 | ||
| 100 |
_aბედუკიძე, ლ. _94126 |
||
| 245 |
_aხალხური ავეჯი აღმოსავლეთ საქართველოს მთიანეთში : _bეთნოგრაფიული მასალების მიხედვით / _cლ. ბედუკიძე; რედ.მ. ჩართოლანი. |
||
| 264 |
_a თბ. : _bმეცნიერება, _c1973. |
||
| 300 |
_a147გვ. ; _bილ. ტაბ. _c21 სმ. |
||
| 653 | _aქართული ხალხური ავეჯი | ||
| 653 | _aქართველების ეთნოგრაფია | ||
| 700 |
_aჩართოლანი, მ. _eრედაქტორი _94127 |
||
| 710 |
_aაკად. ს. ჯანაშიას სახ. საქართველოს სახელმწ. მუზეუმი. _94128 |
||
| 942 |
_cBK _2udc |
||